000 00578cam a22002052 4500
001 0000020846
005 20151217145928.0
008 111021s xx 000 0 eng d
020 _a0199540846 :
040 _aKABU
_cKABU
245 1 0 _aHuman rights politics and practice /
_cMichael Goodhart (ed)
250 _a1st ed.
260 _aOxford :
_bOUP,
_c2009.
300 _axx, 453 p.
650 0 _aHuman rights.
_@0000150298
700 1 _aGoodhart, Michael.
_@0000181449
852 1 _9p3250 KES
908 _a111021
950 _@1
999 _c4191
_d4191